E657系の駅名対照表 - Statistics

General Stats
  • This quiz has been taken 363 times
  • The average score is 49 of 96
Answer Stats
Hint Answer % Correct
17 品川
92%
09 特急
89%
06 特急
89%
01 上野
89%
07 水戸
89%
08 勝田
88%
12 いわき
88%
16 仙台
88%
19 東京
87%
06 快速
86%
03 快速
86%
05 土浦
84%
05 普通
83%
02 普通
83%
01 回送
82%
03 臨時
82%
01 臨時
82%
10 特急ひたち
82%
07 特急ときわ
81%
14 原ノ町
80%
10 高萩
79%
09 日立
78%
08 急行
77%
05 急行
77%
03 取手
77%
02 試運転
75%
02 我孫子
72%
04 団体
71%
06 友部
71%
07 特別快速
65%
04 特別快速
65%
11 大津港
63%
15 相馬
62%
26 横浜
62%
30 熱海
60%
25 特急ひたち品川
59%
27 特急ひたち上野
59%
36 特急ひたち仙台
59%
14 特急ときわ上野
58%
16 特急ときわ水戸
58%
29 特急ひたち水戸
58%
33 特急ひたちいわき
58%
12 特急ときわ品川
57%
17 特急ときわ勝田
57%
26 特急ひたち東京
57%
29 小田原
57%
13 特急ときわ東京
56%
20 特急ときわいわき
56%
28 特急ひたち土浦
56%
30 特急ひたち勝田
56%
15 特急ときわ土浦
55%
34 特急ひたち原ノ町
55%
04 龍ケ崎市
55%
18 特急ときわ日立
54%
19 特急ときわ高萩
54%
31 特急ひたち日立
54%
32 特急ひたち高萩
54%
23 特急ときわ仙台
53%
13 富岡
53%
21 特急ときわ原ノ町
51%
31 伊東
48%
35 特急ひたち相馬
45%
22 特急ときわ相馬
44%
08 特急フレッシュひたち
44%
09 特急スーパーひたち
44%
27 臨時快速
41%
18 鎌倉
40%
28 臨時特急
38%
28 横須賀
35%
27 逗子
34%
26 臨時急行
26%
10 修学旅行
25%
21 高尾
22%
32 Jヴィレッジ
18%
12 急行ぶらり鎌倉号
12%
23 館山
12%
24 勝浦
12%
24 特急ときわJヴィレッジ
11%
37 特急ひたちJヴィレッジ
11%
20 (武蔵野線経由)東京
11%
31 特急ロックインジャパン号
10%
22 桐生
10%
16 急行相馬野馬追号
9%
21 快速舞浜・東京ベイエリア号
9%
11 急行ぶらり横浜・鎌倉号
8%
20 快速足利大藤まつり号
8%
22 快速ぶらり高尾散策号
8%
24 快速ぶらり横浜・鎌倉号
8%
25 (武蔵野線経由)日立
8%
14 急行春さきどり号
7%
15 急行仙台七夕号
7%
17 急行ぶらり仙台号
7%
18 急行勝浦ビッグひな祭り号
7%
23 快速かすみがうらマラソン号
7%
30 特急ロックエクスプレス号
7%
13 急行わくわく舞浜・東京号
6%
No matching quizzes found
Score Distribution
Percent of People with Each Score
Percentile by Number Answered
Your Score History
You have not taken this quiz